5HLuxD.jpg

KING HENRY VIII SENIOR AND PRIMARY SCHOOL LIBRARY OPAC

The fossil hunter (Record no. 3894)

000 -LEADER
fixed length control field 01398nam a22002177a 4500
005 - DATE AND TIME OF LATEST TRANSACTION
control field 20241118151254.0
008 - FIXED-LENGTH DATA ELEMENTS--GENERAL INFORMATION
fixed length control field 241118b ||||| |||| 00| 0 eng d
020 ## - INTERNATIONAL STANDARD BOOK NUMBER
International Standard Book Number 9780241469897
040 ## - CATALOGING SOURCE
Transcribing agency KH8
082 ## - DEWEY DECIMAL CLASSIFICATION NUMBER
Classification number 560.00 WIN
100 ## - MAIN ENTRY--PERSONAL NAME
Personal name Winter, Kate
Relator term Author.
245 ## - TITLE STATEMENT
Title The fossil hunter
Statement of responsibility, etc. Kate Winter
260 ## - PUBLICATION, DISTRIBUTION, ETC.
Place of publication, distribution, etc. London,
Name of publisher, distributor, etc. Puffin,
Date of publication, distribution, etc. 2024
300 ## - PHYSICAL DESCRIPTION
Extent 77 pages :
Other physical details colour illustrations ;
Dimensions 31 cm.
520 ## - SUMMARY, ETC.
Summary, etc. Unearth the mysteries of ancient fossils and discover the life and legacy of Mary Anning in this beautifully illustrated, fact-filled book for curious young readers. Mary Anning was a fossil hunter, scouring the cliffs and seashores of Lyme Regis for strange rocks and shells. Monstrous marine reptiles and dinosaurs had once reigned the land and seas here millions of years ago, disappearing only to leave mysterious traces for humans to puzzle over. Mary's fossils paved the way for modern palaeontology and helped to piece together a picture of how the dinosaurs lived and evolved. Little did she know that 200 years later we would still be talking about her amazing discoveries and how she influenced our understanding of the history of the earth
650 ## - SUBJECT ADDED ENTRY--TOPICAL TERM
Topical term or geographic name entry element Anning, Mary,
Form subdivision Juvenile literature
Chronological subdivision 1799-1847
650 ## - SUBJECT ADDED ENTRY--TOPICAL TERM
Topical term or geographic name entry element Fossils
Form subdivision Juvenile literature
650 ## - SUBJECT ADDED ENTRY--TOPICAL TERM
Topical term or geographic name entry element Paleontologists
Form subdivision Juvenile literature
700 ## - ADDED ENTRY--PERSONAL NAME
Personal name Kate Winter
Relator term Illustrator
942 ## - ADDED ENTRY ELEMENTS (KOHA)
Source of classification or shelving scheme
Koha item type Books - Fiction
Holdings
Withdrawn status Lost status Source of classification or shelving scheme Damaged status Not for loan Collection code Permanent Location Current Location Shelving location Date acquired Total Checkouts Full call number Barcode Date last seen Date last checked out Price effective from Koha item type Total Renewals
          Fiction KH8 Primary School Library KH8 Primary School Library Fiction 2024-11-18 3 560.00 WIN KHPL000004597 2025-12-05 2025-01-20 2024-11-18 Books - Fiction  
          Fiction KH8 Primary School Library KH8 Primary School Library Fiction 2024-11-18 4 560.00 WIN KHPL000004598 2026-03-04 2026-01-30 2024-11-18 Books - Fiction 1

Powered By KH8 IT Dept